000 00458nam a2200169Ia 4500
008 180921t2016 xxu||||| |||| 00| 0 sin d
041 _asin
080 _a294.3
_bGNA
100 _aGnananda Himi,Kiribathgoda
245 _aපිහිටක් තියෙනවාමයි
246 _aPihitak Thiyanawamai
260 _bMahamegha
_aPolgahawela
_c2016
300 _b93p, 21cm
942 _cBK
999 _c1963
_d1963
003 LK-CoDNM
040 _aLK-CoDNM
_dLK-CoDNM
_eLK-CoDNM